000 00405nam a22001697a 4500
003 NUST - PNEC
005 20170116180838.0
008 150811b xxu||||| |||| 00| 0 eng d
020 _a-
040 _cLIBRARY
082 _a500 THO
100 _95136
_aThompson, Philip D.
245 _aWeather
_cPhilip D. Thompson
250 _aSecond Edition
650 _95137
_aScience
_xGeneral
942 _2ddc
_cBK
999 _c64295
_d64295